• 首页
  • 本馆介绍
  • 公告通知
  • 最新文献
  • 馆藏检索
  • 电子资源
  • 读者导购
  • 参考咨询
  • 我的图书馆
  • 登录
  • 详细信息显示
  • 放入我的书架
  • 预约/预借图书
  • 作者相关作品
  • 分类相关作品
  • 丛书相关作品
  • 出版社相关作品

书目信息

  • 表格格式
  • 工作单格式
  • 卡片格式
题名:
学生体育锻炼手册
    
 
作者: 阎斯民 编
分册:  
出版信息: 北京   测绘出版社  1986
页数: 267页
开本: 19cm
丛书名:
单 册:
中图分类: G812.5
科图分类:
主题词: 体育锻炼-学生--手册 , 学生-体育锻炼--手册 , 体育事业--世界
电子资源:
ISBN:
000 00704nam0 2200265 45
001 0186017517
005 20040508085539.3
010    @dCNY1.40
091    @a7039.新442
100    @a19900802d1986 em y0chiy0121 ea
101 0  @achi
102    @aCN@b110000
105    @ay z 000yy
106    @ar
200 10 @a学生体育锻炼手册@Axue sheng ti yu duan lian shou ce@f阎斯民编
210    @a北京@c测绘出版社@d1986
215    @a267页@d19cm
606    @a体育锻炼-学生@x手册
606    @a学生-体育锻炼@x手册
606 0  @a体育事业@x世界
690    @aG812.5
701  0 @a阎斯民@Ayan si min@4编
801  0 @aCN@b深圳图书馆@c20040508
801  2 @aCN@bNLC@c20040508
905    @f2@b165365-366@dG812.5@e17
    
    学生体育锻炼手册/阎斯民编.-北京:测绘出版社,1986
    267页;19cm
    
    
    ISBN :CNY1.40
    
●
相关链接 在E读中查询图书 在五车中查询图书 在当当中查询图书 在豆瓣中查询图书


正题名:学生体育锻炼手册     索取号:G812.5/17         预约/预借

序号 登录号 条形码 馆藏地/架位号 状态 备注
1 0165365   000997924   密集书库/ [索取号:G812.5/17] 在馆    
2 0165366   000997915   密集书库/ [索取号:G812.5/17] 在馆    
3 0165367   000997906   第一样本阅览室/ [索取号:G812.5/17] 在馆    
唐山师范学院图书馆 欢迎您!
大连网信软件有限公司© 版权所有